00888nam a22002537a 4500003000900000005001700009008004100026040002200067082001500089110003400104245004100138260006600179300003000245500005700275500003200332500003000364650001000394910001100404942001200415945003800427952011900465956003300584999001700617DO-SdBNP20171127150229.0161031b 1963 xxu ab 00| 0 spa d aBPMSUbspacBPMSU axxxxbxxxx1 aReader´s Digest Association.10aReader´s Digest great workd atlas / aPleasantville, N.Y. : bReader´s Digest association, c1963. a232 p. : bmapa.c42 cm.  aIncluye índice de los Estados Unidos de América. aIncluye índice del mundo. aIncluye índice general. xATLAS a000144 2ddccBK aInventariado extranjero / 2017 YL 00102ddc40708CGaBPMETbBPMETd2017-11-27eSin sellarl0oxxxx xxxxpBPMSU17110467r2017-11-27w2017-11-27yBK aYLOCKWARDb10c20171127d144 c13139d13139